National Income / (Record no. 540426)

000 -LEADER
fixed length control field 00620nam a22001697a 4500
020 ## - INTERNATIONAL STANDARD BOOK NUMBER
Qualifying information Hard Cover.
082 ## - DEWEY DECIMAL CLASSIFICATION NUMBER
Classification number 004
100 ## - MAIN ENTRY--PERSONAL NAME
Personal name Ashar Waseem, Fahad Siddique, Jahanzeb Iqbal and Usman Ashraf
245 ## - TITLE STATEMENT
Title National Income /
Statement of responsibility, etc. Waseem, Ashar, Fahad Siddique, Jahanzeb Iqbal and Usman Ashraf
260 ## - PUBLICATION, DISTRIBUTION, ETC.
Place of publication, distribution, etc. Islamabad :
Name of publisher, distributor, etc. SEECS - NUST,
300 ## - PHYSICAL DESCRIPTION
Extent Var. p. : ill. ;
Dimensions 30cm.
650 ## - SUBJECT ADDED ENTRY--TOPICAL TERM
Topical term or geographic name entry element Information Technology-Project Report
700 ## - ADDED ENTRY--PERSONAL NAME
Personal name Sir Maqsood ul Hassan.
856 ## - Uniform Resource Identifier
Uniform Resource Identifier <a href="http://10.250.8.41:8080/xmlui/handle/123456789/29111">http://10.250.8.41:8080/xmlui/handle/123456789/29111</a>
942 ## - ADDED ENTRY ELEMENTS (KOHA)
Source of classification or shelving scheme
Koha item type Thesis
700 ## - ADDED ENTRY--PERSONAL NAME
-- 34445
Holdings
Withdrawn status Lost status Source of classification or shelving scheme Damaged status Not for loan Permanent Location Current Location Shelving location Date acquired Full call number Barcode Date last seen Price effective from Koha item type
WITHDRAWN         Central Library (CL) Central Library (CL) Thesis 10/23/2020 004 CL-BP-568 10/23/2020 10/23/2020 Project Report
© 2023 Central Library, National University of Sciences and Technology. All Rights Reserved.